000 00814nam a22002537a 4500
001 6942
003 FISKH
005 20250611114346.0
008 250611b cb ||||| |||| 00| 0 eng d
020 _a078073003501
040 _aFISKH
_beng
_cFISKH
_dFISKH
050 _aPR4572 .C68
082 _a823.83
100 _aDickens, Charles
245 _aA Christmas Carol :
_bThe famous story of Scrooge and Tiny Tim /
_cBy Charles Dickens
260 _aNew York :
_bScholastic ,
_c1962.
300 _a122 pages :
_billustrations ;
_c20 cm .
490 _aApple Classic
520 _aA miser learns the true meaning of Christmas when three ghostly visitors review his past and foretell his future.
650 _aGhost stories
_vFiction
650 _aHolidays
_vFiction
942 _2ddc
_cBK
_n0
999 _c6942
_d6942